Statistiques concernant F1 - Victoires Constructeurs depuis 1958

Cliquez ici pour prendre le quiz!

Statistiques générales

  • Ce quiz a été pris 273 fois
  • Le résultat moyen est 52 sur 66

Statistiques - réponses

HintRéponse% Correct
1999Ferrari
99%
2001Ferrari
99%
2007Ferrari
99%
1979Ferrari
99%
2008Ferrari
99%
1977Ferrari
99%
1976Ferrari
99%
1975Ferrari
99%
1983Ferrari
99%
2003Ferrari
99%
2002Ferrari
99%
2004Ferrari
99%
1964Ferrari
99%
1982Ferrari
99%
1961Ferrari
99%
2000Ferrari
99%
2015Mercedes
99%
2016Mercedes
99%
2017Mercedes
99%
2018Mercedes
99%
2019Mercedes
99%
2020Mercedes
99%
2021Mercedes
99%
2014Mercedes
99%
2023Red Bull
99%
2010Red Bull
99%
2012Red Bull
99%
2013Red Bull
99%
2022Red Bull
99%
2011Red Bull
99%
1998McLaren
97%
1991McLaren
97%
1990McLaren
97%
1974McLaren
97%
1984McLaren
97%
1985McLaren
97%
1989McLaren
97%
1988McLaren
97%
2006Renault
91%
2005Renault
91%
1986Williams
81%
1981Williams
81%
1980Williams
81%
1987Williams
81%
1997Williams
81%
1996Williams
81%
1994Williams
81%
1993Williams
81%
1992Williams
81%
1963Lotus
53%
1965Lotus
53%
1968Lotus
53%
1970Lotus
53%
1972Lotus
53%
1973Lotus
53%
1978Lotus
53%
1995Benetton
41%
2009Brawn GP
37%
1967Brabham
27%
1966Brabham
27%
1971Tyrell
20%
1959Cooper
14%
1960Cooper
14%
1969Matra
13%
1958Vanwall
13%
1962BRM
11%

Distribution des résultats

Percentile par nombre de réponses

% des personnes avec chaque résultat

Votre développement - résultats

Vous n’avez pas pris ce quiz